Vedecké state Katedry manažmentu výroby a logistiky 2014 zborník vedeckých statí

Guardado en:
Detalles Bibliográficos
Autor Corporativo: Fakulta podnikového manažmentu EU. Katedra manažmentu výroby a logistiky - zrušená
Otros Autores: Džubáková, Martina, Stern, Juraj, Molnár, Pavol
Formato: Libro
Lenguaje:eslovaco
Publicado: Bratislava Vydavateľstvo EKONÓM 2014
Edición:1. vyd.
Materias:
Etiquetas: Agregar Etiqueta
Sin Etiquetas, Sea el primero en etiquetar este registro!

MARC

LEADER 00000nlm a2200000 4500
001 0195856
005 20240502073308.6
020 |a 978-80-225-3996-8 
041 0 |a slo 
044 |a SK 
245 1 0 |a Vedecké state Katedry manažmentu výroby a logistiky 2014  |b zborník vedeckých statí  |c zborník zostavil: Martina Džubáková ; recenzenti: Juraj Stern, Pavol Molnár 
250 |a 1. vyd. 
264 1 |a Bratislava  |b Vydavateľstvo EKONÓM  |c 2014 
300 |a CD-ROM [140 s., 6,1 AH] 
610 2 0 |a rozvoj podniku 
610 2 0 |a manažment znalostný 
610 2 0 |a logistika 
610 2 0 |a skladovanie 
610 2 0 |a kvalita vzdelávania 
610 2 0 |a vyučovanie 
700 1 |a Džubáková, Martina 
700 1 |a Stern, Juraj 
700 1 |a Molnár, Pavol 
710 2 |a Fakulta podnikového manažmentu EU. Katedra manažmentu výroby a logistiky - zrušená